000 00364nam a2200145Ia 4500
005 20250423095841.0
008 250422s9999 xx 000 0 und d
020 _a9065440208
100 _aDessemontet, F. & Ansay, T.
245 0 _aIntroduction to swiss law
260 _aNetherlands
260 _bKluwer law and taxation pub.
300 _a292 p
942 _cBK
999 _c31522
_d31522